Normal view
MARC view
- CHEMICAL PROCESSES,PRODUCT AND PROCESS DESIGN PRINCIPLES
Entry Topical Term
001 - CONTROL NUMBER
- control field: 63693
003 - CONTROL NUMBER IDENTIFIER
- control field: NUST
005 - DATE AND TIME OF LATEST TRANSACTION
- control field: 20210628203147.0
008 - FIXED-LENGTH DATA ELEMENTS
- fixed length control field: 210628|| aca||aabn | a|a d
040 ## - CATALOGING SOURCE
- Original cataloging agency: NUST
- Transcribing agency: NUST
150 ## - HEADING--TOPICAL TERM
- Topical term or geographic name entry element: CHEMICAL PROCESSES,PRODUCT AND PROCESS DESIGN PRINCIPLES
670 ## - SOURCE DATA FOUND
- Source citation: Work cat.: (NUST): Seider, Warren D , Seader, J.D , Lewin, Daniel R 63692, Product and process design principles , synthesis, analysis and evaluation, 2004
